Enemy at the gates (Record no. 84998)
[ view plain ]
| 000 -LEADER | |
|---|---|
| fixed length control field | 00601cad a22002175a 4500 |
| 001 - CONTROL NUMBER | |
| control field | L159832 |
| 008 - FIXED-LENGTH DATA ELEMENTS--GENERAL INFORMATION | |
| fixed length control field | 150226s2018 xxk f 000 0 eng d |
| 035 ## - SYSTEM CONTROL NUMBER | |
| System control number | (Sirsi) u159832 |
| 041 0# - LANGUAGE CODE | |
| Language code of text/sound track or separate title | eng |
| 100 1# - MAIN ENTRY--PERSONAL NAME | |
| Personal name | Kobie, Nicole |
| 245 00 - TITLE STATEMENT | |
| Title | Enemy at the gates |
| 260 ## - PUBLICATION, DISTRIBUTION, ETC. | |
| Date of publication, distribution, etc. | 2018 |
| 490 ## - SERIES STATEMENT | |
| Series statement | Modus |
| Volume/sequential designation | March 2018, 24-28 (5) |
| 520 ## - SUMMARY, ETC. | |
| Summary, etc. | Look at how to improve the resilience of cities' increasingly smart infrastructure networks to cyber attacks. |
| 590 ## - LOCAL NOTE (RLIN) | |
| Local note | KA |
| 650 24 - SUBJECT ADDED ENTRY--TOPICAL TERM | |
| Topical term or geographic name entry element | CYBER SECURITY |
| 650 24 - SUBJECT ADDED ENTRY--TOPICAL TERM | |
| Topical term or geographic name entry element | BIG DATA |
| 650 24 - SUBJECT ADDED ENTRY--TOPICAL TERM | |
| Topical term or geographic name entry element | SMART CITIES |
| 690 ## - LOCAL SUBJECT ADDED ENTRY--TOPICAL TERM (OCLC, RLIN) | |
| Topical term or geographic name as entry element | INFRASTRUCTURE |
| 9 (RLIN) | 6246 |
| 942 ## - ADDED ENTRY ELEMENTS (KOHA) | |
| Suppress in OPAC | 0 |
| Source of classification or shelving scheme | Dewey Decimal Classification |
| Withdrawn status | Lost status | Source of classification or shelving scheme | Damaged status | Not for loan | Home library | Current library | Shelving location | Date acquired | Total Checkouts | Full call number | Barcode | Date last seen | Copy number | Price effective from | Koha item type |
|---|---|---|---|---|---|---|---|---|---|---|---|---|---|---|---|
| Dewey Decimal Classification | London | London | Journal article | 12/03/2018 | L159832 | 159832-2001 | 06/08/2019 | 1 | 06/08/2019 | Journal article |